00928 2200301 4500001002100000005001500021035002000036007000300056008004100059020001800100082001000118084001400128100001400142245005400156250002000210300003800230500012500268650001100393700002600404110001200430600002100442740004300463264003000506336002100536337003000557338002300587990001600610INLIS00000000000004020260410023629 a0010-0426000039ta260410 g 0 ind  a9789792930320 a005.5 a005.5 MEM ePengarang1 aMembongkar misteri microsoft word 2010 /cMadcoms acetakan pertama a338 halaman :bilustrasi ;c23 cm apanduan teknis yang mengupas tuntas berbagai fasilitas dan fitur tersembunyi pada perangkat lunak pengolah kata tersebut 4aMSWord0 aLeo AgungeIlustrator0 aMadcoms 4aProgram Komputer aMembongkar misteri microsoft word 2010 aYogyakarta :bANDI,c2010 2rdacontentateks 2rdamediaatanpa perantara 2rdacarrieravolume aPP000068/19